|
|
|
|
| LEADER |
01501nam a2200373 a 4500 |
| 001 |
000012481 |
| 003 |
CZ BrMZK |
| 005 |
20161109131819.0 |
| 007 |
ta |
| 008 |
010907s1993 xr f cze d |
| 015 |
|
|
|a cnb000084402
|
| 020 |
|
|
|q (Brož.) :
|c Kč 32,00
|
| 035 |
|
|
|a (OCoLC)32472625
|
| 040 |
|
|
|a BOA001
|b cze
|
| 080 |
9 |
|
|a 634
|
| 080 |
9 |
|
|a 632.3
|
| 100 |
1 |
|
|a Blažek, Jan,
|d 1943-
|7 mzk2003186940
|4 aut
|
| 245 |
1 |
0 |
|a Tržní pěstování slivoní v podmínkách různého stupně ohrožení virovou šarkou /
|c Jan Blažek a kol.
|
| 260 |
|
|
|a Praha :
|b Ústav zemědělských a potravinářských informací,
|c 1993
|
| 300 |
|
|
|a 40 s. :
|b il. ;
|c 21 cm
|
| 490 |
1 |
|
|a Metodiky pro zavádění výsledků výzkumu do zemědělské praxe,
|x 0231-9470 ;
|v S-1/1993
|
| 504 |
|
|
|a Obsahuje bibliografii
|
| 550 |
|
|
|a Vydavatel: Česká republika. Ministerstvo zemědělství
|
| 650 |
0 |
7 |
|a slivoňovité
|7 ph202594
|2 czenas
|
| 650 |
0 |
7 |
|a pěstování užitkových rostlin
|7 ph305446
|2 czenas
|
| 650 |
0 |
7 |
|a virové nemoci rostlin
|7 ph139195
|2 czenas
|
| 653 |
0 |
|
|a slivoně
|a tržní pěstování
|a virová šarka
|
| 655 |
|
7 |
|a metodické příručky
|7 fd132826
|2 czenas
|
| 710 |
1 |
|
|a Česko.
|b Ministerstvo zemědělství
|7 kn20010725025
|
| 830 |
|
0 |
|a Metodiky pro zavádění výsledků výzkumu do zemědělské praxe
|
| 910 |
|
|
|a BOA001
|b X-0995.636
|
| 990 |
|
|
|a BK
|
| 991 |
|
|
|b 201610
|
| 996 |
7 |
|
|b 2610004679
|c X-0995.636
|l MZK
|r Sklad / do 24 hodin
|n 9
|p p.v.
|w 000012481
|u 000010
|a 1
|e BOA001
|j MZK50
|s A
|